| 000 | 01563cam a2200373 a 4500 | ||
|---|---|---|---|
| 999 |
_c527925 _d527925 |
||
| 001 | 12411730 | ||
| 003 | NUST | ||
| 005 | 20190822081115.0 | ||
| 008 | 010517s2002 maua 001 0 eng | ||
| 010 | _a 2001026615 | ||
| 020 | _a0072402210 | ||
| 038 | _awaseem | ||
| 040 |
_aDLC _cDLC _dDLC |
||
| 050 | 0 | 0 |
_aTA330 _b.I64 2002 |
| 082 | 0 | 0 |
_a620.0042 _bEID |
| 245 | 0 | 0 |
_aIntroduction to engineering design & problem solving / _cArvid R. Eide ... [et al.]. |
| 246 | 3 | _aIntroduction to engineering design and problem solving | |
| 250 | _a2nd ed. | ||
| 260 |
_aBoston : _bMcGraw-Hill, _cc2002. |
||
| 300 |
_ax, 230 p. : _bill. ; _c24 cm. |
||
| 440 | 0 |
_aMcGraw-Hill's BEST--basic engineering series and tools _919437 |
|
| 500 | _aRevised ed. of: Introduction to engineering design, c1998, and Introduction to engineering problem solving, c1998. | ||
| 500 | _aIncludes index. | ||
| 650 | 0 |
_aEngineering mathematics. _92310 |
|
| 650 | 0 |
_aEngineering design. _919438 |
|
| 700 | 1 |
_aEide, Arvid R. _919439 |
|
| 740 | 0 | _aIntroduction to engineering design. | |
| 740 | 0 | _aIntroduction to engineering problem solving. | |
| 856 | 4 | 2 |
_3Publisher description _uhttp://www.loc.gov/catdir/description/mh021/2001026615.html |
| 856 | 4 | 1 |
_3Table of contents _uhttp://www.loc.gov/catdir/toc/mh021/2001026615.html |
| 906 |
_a7 _bcbc _corignew _d1 _eocip _f20 _gy-gencatlg |
||
| 942 |
_2ddc _cBK |
||